| 000 | 00787nam a22002057a 4500 | ||
|---|---|---|---|
| 003 | 0 | ||
| 005 | 20250109154432.0 | ||
| 008 | 250109b xxu||||| |||| 00| 0 eng d | ||
| 050 |
_aRC 489 _b.Es88 2024 |
||
| 100 | _aEstanislao, Andre Peter C. | ||
| 245 |
_aEffects of mindfulness-based stress reduction therapy program on the stress and anxiety levels of construction workers _cAndre Peter C. Estanislao |
||
| 260 |
_aLas Piñas City _bSouthville International School and Colleges _c2024 |
||
| 300 |
_axiii, 926 pages ; _c29cm. |
||
| 504 | _aIncludes bibliographical references and index. | ||
| 650 | _aStress management. | ||
| 650 | _aMindfulness-based cognitive therapy. | ||
| 650 | _aAnxiety—Treatment. | ||
| 650 | _aConstruction workers—Mental health. | ||
| 942 |
_2lcc _cTH |
||
| 999 |
_c366966 _d366966 |
||